000 00899nam a2200229Ii 4500
003 JO-AjNU
008 230605s9999||||xx |||||||||||||| ||und||
017 _a2020/2/440
020 _a978-9957-94-558-9
040 _aJO-AjNU
_bara
_erda
_cJO-AjNU
041 _aara
050 1 4 _aPJ6123.T3963 2020
100 3 _aالطوالبة، مطر محمود,
_eauthor
_963785
245 0 0 _aأسرار الكتاب الإبداعية الكاتب الأتيري حجي جابر نموذجا
264 3 1 _aعمان: وزارة الثقافه، 2020
300 _a147ص
336 _atext
_btxt
_2rdacontent
337 _aunmediated
_bn
_2rdamedia
338 _avolume
_bnc
_2rdacarrier
490 0 _aسلسة كتب ثقافية 215 تصدرها وزارة الثقافة/الاردن
650 4 _aفن الكتابة-الكتابة الأدبية-الإبداع -الأعمال الأدبية
_963786
999 _aA28951
_c32519
_d32519